[Event "Skopje op"]
[Site "Skopje"]
[Date "2023.12.08"]
[Round "3"]
[White "Stoychev, Ognian"]
[Black "Danov, Lyubomir"]
[Result "1/2-1/2"]
[WhiteElo "2031"]
[BlackElo "2297"]
[PlyCount "65"]
[EventDate "2023.12.06"]
[EventType "swiss"]
[EventRounds "9"]
[EventCountry "MKD"]
[SourceTitle "CB50_2023"]
[SourceDate "2023.12.13"]
[SourceVersion "1"]
[SourceVersionDate "2023.12.13"]
[SourceQuality "1"]

1. d4 e6 2. Nf3 c5 3. g3 Nf6 4. Bg2 cxd4 5. 0-0 d5 6. Nxd4 e5 7. Nb3 Be7 8. Bg5 Nbd7 9. e3 h6 10. Bxf6 Nxf6 11. Nc3 Be6 12. f4 Qb6 13. f5 Bd7 14. Nxd5 Nxd5 15. Bxd5 Qxe3+ 16. Kg2 0-0 17. Bxb7 Rad8 18. Qf3 Qb6 19. Be4 a5 20. Rab1 Bb5 21. Rfd1 a4 22. Na1 Ba6 23. b3 Rxd1 24. Rxd1 axb3 25. axb3 Qa5 26. c4 Rb8 27. Nc2 Bc8 28. Ra1 Qd2+ 29. Qf2 Qd7 30. Ra7 Bb7 31. Bxb7 Rxb7 32. Ra8+ Kh7 33. Qf3 1/2-1/2

[Event "EU-ch 23rd"]
[Site "Vrnjacka Banja"]
[Date "2023.03.06"]
[Round "4"]
[White "Kovac, Mihael"]
[Black "Stoychev, Ognian"]
[Result "0-1"]
[WhiteElo "1784"]
[BlackElo "1952"]
[PlyCount "76"]
[EventDate "2023.03.03"]
[EventType "swiss"]
[EventRounds "11"]
[EventCountry "SRB"]
[SourceTitle "CBM 213"]
[Source "ChessBase"]
[SourceDate "2023.04.30"]
[SourceVersion "1"]
[SourceVersionDate "2023.04.30"]
[SourceQuality "1"]

1. e4 e5 2. Nf3 Nc6 3. Bb5 a6 4. Ba4 Nf6 5. d3 b5 6. Bb3 Be7 7. 0-0 0-0 8. a4 b4 9. a5 d6 10. Nbd2 Be6 11. Bxe6 fxe6 12. Nc4 Qe8 13. Ng5 d5 14. Ne3 Bc5 15. Ng4 h6 16. Nxf6+ Rxf6 17. Nf3 Rd8 18. exd5 exd5 19. Be3 Bd6 20. h3 e4 21. Nh2 Rg6 22. d4 Qe6 23. Kh1 Ne7 24. Qd2 Rf8 25. c3 bxc3 26. bxc3 Nf5 27. Rab1 c6 28. Rg1 Bc7 29. Rb6 Qd6 30. Ng4 Rxg4 31. g3 Nxe3 32. hxg4 Nc4 33. Qe2 Bxb6 34. axb6 Nxb6 35. Qxa6 Nc4 36. Kg2 Qf6 37. Kh3 Qxf2 38. Rb1 Ne3 0-1

[Event "EU-ch 23rd"]
[Site "Vrnjacka Banja"]
[Date "2023.03.05"]
[Round "3"]
[White "Stoychev, Ognian"]
[Black "Djuric, Stefan"]
[Result "0-1"]
[WhiteElo "1952"]
[BlackElo "2256"]
[PlyCount "68"]
[EventDate "2023.03.03"]
[EventType "swiss"]
[EventRounds "11"]
[EventCountry "SRB"]
[SourceTitle "CBM 213"]
[Source "ChessBase"]
[SourceDate "2023.04.30"]
[SourceVersion "1"]
[SourceVersionDate "2023.04.30"]
[SourceQuality "1"]

1. d4 g6 2. c4 Bg7 3. Nf3 Nf6 4. Nc3 0-0 5. e4 d6 6. Be2 e5 7. d5 Na6 8. 0-0 Nc5 9. Qc2 a5 10. Bg5 h6 11. Be3 Qe7 12. Nd2 Bg4 13. f3 Bd7 14. b3 Nh5 15. a3 Nf4 16. Kh1 f5 17. b4 Na4 18. Rfe1 axb4 19. axb4 Nxc3 20. Qxc3 Nxe2 21. Rxe2 c6 22. Ree1 Qh4 23. Qd3 Kh7 24. dxc6 Bxc6 25. b5 Be8 26. Qxd6 Rd8 27. Qb6 Rd7 28. Bf2 Qh5 29. Nf1 Qg5 30. c5 fxe4 31. Rxe4 Rdf7 32. Be3 Qf5 33. Ng3 Qd7 34. Rb1 Qd3 0-1

[Event "SRB Central-ch"]
[Site "Pirot"]
[Date "2022.11.16"]
[Round "1"]
[White "Bryakin, Mikhail"]
[Black "Stoychev, Ognian"]
[Result "1-0"]
[WhiteElo "2436"]
[BlackElo "1963"]
[PlyCount "64"]
[EventDate "2022.11.16"]
[EventType "swiss"]
[EventRounds "9"]
[EventCountry "SRB"]
[SourceTitle "CBM 211 Extra"]
[Source "ChessBase"]
[SourceDate "2023.01.31"]
[SourceVersion "1"]
[SourceVersionDate "2023.01.31"]
[SourceQuality "1"]

1. Nf3 Nf6 2. c4 g6 3. b3 Bg7 4. Bb2 0-0 5. g3 c6 6. Bg2 d5 7. 0-0 Nbd7 8. d3 Re8 9. Nbd2 e5 10. cxd5 cxd5 11. e4 d4 12. Nc4 Bf8 13. a4 Nh5 14. Ne1 Nc5 15. f4 f6 16. f5 Ng7 17. g4 g5 18. h4 h6 19. Nf3 Be7 20. b4 Na6 21. Qb3 Bxb4 22. hxg5 Bc3 23. gxh6 Nc5 24. Qc2 Nxf5 25. gxf5 Bxb2 26. Nxb2 b6 27. a5 Ba6 28. axb6 axb6 29. h7+ Kf7 30. Kf2 Rh8 31. Rh1 Qf8 32. Nc4 Rb8 1-0